Informácie pre externých predajcov. Tréningový kurz systematického predaja.
Vzťah predajca - zákazník. Vedenie rozhovorov. Technika práce predajcu. Nahrádzanie klasických pomôcok (diár) novým softwarom. Podpora softwaru pri projektovom a termínovom manažmente. Time-system (task timer) TMI (key results). Plánovanie a termínovanie priamo na laptope a následné použitie PC. Opt...
Salvato in:
| Natura: | Capitolo di libro |
|---|---|
| Lingua: | ceco |
| Soggetti: | |
| Tags: |
Nessun Tag, puoi essere il primo ad aggiungerne!!
|
MARC
| LEADER | 00000naa a2200000 4500 | ||
|---|---|---|---|
| 001 | r012913 | ||
| 005 | 20221213090153.4 | ||
| 041 | 0 | |a cze | |
| 044 | |a SK | ||
| 245 | 1 | 0 | |a Informácie pre externých predajcov. |b Tréningový kurz systematického predaja. |
| 520 | |a Vzťah predajca - zákazník. Vedenie rozhovorov. Technika práce predajcu. Nahrádzanie klasických pomôcok (diár) novým softwarom. Podpora softwaru pri projektovom a termínovom manažmente. Time-system (task timer) TMI (key results). Plánovanie a termínovanie priamo na laptope a následné použitie PC. Optimalizácia dodávateľského servisu. Stratégia logistiky. Stvárňovanie prezentačných fólií. Cvičenia na vedenie rozhovoru so zákazníkmi. Reklamácie zákazníkov. Služba zákazníkom. | ||
| 610 | 2 | 0 | |a zákazníci |
| 610 | 2 | 0 | |a predajcovia |
| 610 | 2 | 0 | |a technika predaja |
| 610 | 2 | 0 | |a psychológia predaja |
| 610 | 2 | 0 | |a využitie počítačov |
| 610 | 2 | 0 | |a reklamácie |
| 610 | 2 | 0 | |a služby |
| 610 | 2 | 0 | |a kurzy |
| 610 | 2 | 0 | |a predaj |